Неоднородность химического состава уролита как следствие изменения условий его формирования; Проблемы геологии и освоения недр; Т. 1

Detalles Bibliográficos
Parent link:Проблемы геологии и освоения недр: труды XX Международного симпозиума имени академика М. А. Усова студентов и молодых ученых, посвященного 120-летию со дня основания Томского политехнического университета, Томск, 4-8 апреля 2016 г./ Национальный исследовательский Томский политехнический университет (ТПУ), Институт природных ресурсов (ИПР) ; Общество инженеров-нефтяников, международная некоммерческая организация, Студенческий чаптер ; под ред. А. Ю. Дмитриева.— , 2016
Т. 1.— 2016.— [С. 136-138]
Autor Principal: Джумашев М. И.
Autor Corporativo: Национальный исследовательский Томский политехнический университет (ТПУ) Институт природных ресурсов (ИПР) Кафедра общей геологии и землеустройства (ОГЗ)
Outros autores: Капанов А. С. (научный руководитель), Полиенко А. К. Александр Константинович
Summary:Заглавие с экрана
Idioma:ruso
Publicado: 2016
Series:Минералогия, геохимия и петрография
Subjects:
Acceso en liña:http://earchive.tpu.ru/handle/11683/31813
Formato: MixedMaterials Electrónico Capítulo de libro
KOHA link:https://koha.lib.tpu.ru/cgi-bin/koha/opac-detail.pl?biblionumber=619393

MARC

LEADER 00000naa2a2200000 4500
001 619393
005 20231101133047.0
035 |a (RuTPU)RU\TPU\conf\17810 
035 |a RU\TPU\conf\17806 
090 |a 619393 
100 |a 20160819d2016 k y0rusy50 ca 
101 0 |a rus 
102 |a RU 
105 |a y z 100zy 
135 |a drcn ---uucaa 
181 0 |a i  
182 0 |a b 
200 1 |a Неоднородность химического состава уролита как следствие изменения условий его формирования  |f М. И. Джумашев, А. С. Капанов  |g науч. рук. А. К. Полиенко 
203 |a Текст  |c электронный 
225 1 |a Минералогия, геохимия и петрография 
230 |a 1 компьютерный файл (pdf; 245 Kb) 
300 |a Заглавие с экрана 
320 |a [Библиогр.: с. 138 (4 назв.)] 
461 1 |0 (RuTPU)RU\TPU\conf\17456  |t Проблемы геологии и освоения недр  |o труды XX Международного симпозиума имени академика М. А. Усова студентов и молодых ученых, посвященного 120-летию со дня основания Томского политехнического университета, Томск, 4-8 апреля 2016 г.  |o в 2 т.  |f Национальный исследовательский Томский политехнический университет (ТПУ), Институт природных ресурсов (ИПР) ; Общество инженеров-нефтяников, международная некоммерческая организация, Студенческий чаптер ; под ред. А. Ю. Дмитриева  |d 2016 
463 1 |0 (RuTPU)RU\TPU\conf\17457  |t Т. 1  |v [С. 136-138]  |d 2016 
610 1 |a труды учёных ТПУ 
610 1 |a электронный ресурс 
610 1 |a неоднородность 
610 1 |a химический состав 
610 1 |a уролиты 
610 1 |a химические элементы 
610 1 |a экологическое состояние 
610 1 |a мочевые камни 
700 1 |a Джумашев  |b М. И. 
701 1 |a Капанов  |b А. С. 
702 1 |a Полиенко  |b А. К.  |c геолог  |c доцент Томского политехнического университета, кандидат геолого-минералогических наук  |c выпускник ТПИ 1964 г.  |f 1940-  |g Александр Константинович  |2 stltpush  |4 727 
712 0 2 |a Национальный исследовательский Томский политехнический университет (ТПУ)  |b Институт природных ресурсов (ИПР)  |b Кафедра общей геологии и землеустройства (ОГЗ)  |h 5946  |2 stltpush  |3 (RuTPU)RU\TPU\col\18663 
801 2 |a RU  |b 63413507  |c 20160930  |g RCR 
856 4 |u http://earchive.tpu.ru/handle/11683/31813 
942 |c BK